ARRUPE JESUIT UNIVERSITY

CORONAVIRUS -STOP THE SPREAD - CLEAN,DISINFECT,COVER

The Catechism of the Catholic Church. (Record no. 127703)

MARC details
000 -LEADER
fixed length control field 01785ngm a22003375a 4500
001 - CONTROL NUMBER
control field 11719891
003 - CONTROL NUMBER IDENTIFIER
control field ARRUPE
005 - DATE AND TIME OF LATEST TRANSACTION
control field 20180326091803.0
007 - PHYSICAL DESCRIPTION FIXED FIELD--GENERAL INFORMATION
fixed length control field v| ||||||
008 - FIXED-LENGTH DATA ELEMENTS--GENERAL INFORMATION
fixed length control field 980810s1996 xxu336 vleng
010 ## - LIBRARY OF CONGRESS CONTROL NUMBER
LC control number 98513192
017 ## - COPYRIGHT OR LEGAL DEPOSIT NUMBER
Copyright or legal deposit number PA869-480
Assigning agency U.S. Copyright Office
040 ## - CATALOGING SOURCE
Original cataloging agency DLC
Transcribing agency DLC
Description conventions amim
050 00 - LIBRARY OF CONGRESS CALL NUMBER
Classification number BX1959.3.E5
Item number C38 1994
300 ## - PHYSICAL DESCRIPTION
Dimensions 21cm.
100 ## - MAIN ENTRY--PERSONAL NAME
Personal name Interdicasterial Commission for the Catechism of the Catholoc Church
9 (RLIN) 40970
245 04 - TITLE STATEMENT
Title The Catechism of the Catholic Church.
260 ## - PUBLICATION, DISTRIBUTION, ETC. (IMPRINT)
Date of publication, distribution, etc 1994.
Place of publication, distribution, etc Nairobi
Name of publisher, distributor, etc Paulines Publications Africa
300 ## - PHYSICAL DESCRIPTION
Extent 736p. ;
511 0# - PARTICIPANT OR PERFORMER NOTE
Participant or performer note Taught by Father Benedict Groeschel, CFR.
541 ## - IMMEDIATE SOURCE OF ACQUISITION NOTE
Materials specified viewing copy;
906 ## - LOCAL DATA ELEMENT F, LDF (RLIN)
a 0
b ibc
c orignew
d u
e ncip
f 19
g y-movingim
942 ## - ADDED ENTRY ELEMENTS (KOHA)
Source of classification or shelving scheme Library of Congress Classification
Koha item type Monograph ( Printed materials)
Holdings
Withdrawn status Lost status Source of classification or shelving scheme Damaged status Not for loan Collection code Home library Current library Shelving location Date acquired Total Checkouts Full call number Barcode Date last seen Date checked out Price effective from Koha item type
    Library of Congress Classification     Main Collection ARRUPE LIBRARY ARRUPE LIBRARY Main Collection 20/03/2018 5 BX1959.3.E5 C38 1994 46600001436 21/05/2024 12/03/2024 20/03/2018 Monograph ( Printed materials)

 

Arrupe Library. PO Box MP320 Mt Pleasant, Harare, Zimbabwe
263 242 745411|librarian@aju.ac.zw